000 00632nam a2200217Ia 4500
003 OSt
005 20140322125352.0
008 140130s9999 xx 000 0 und d
020 _a0330422227
050 _aTR 649.8
_bF68 2001
100 _aFox, Mem
245 _cMem Fox
_aReading magic :
_bHow your child can learn to read before school and other read-aloud miracles /
260 _bScholastic,
_cc2001.
_aMalaysia :
300 _a177 p. :
_bill. ;
_c18 cm.
440 _v1
650 _aReading (Early childhood)
650 _aOral reading.
650 _aChildren
_vBooks and reading.
942 _cBK
_2lcc
999 _c41817
_d41817